Curso de teoría de fractales y sus aplicaciones : (apuntes) /

Guardado en:
Autor Principal: Le Mehaute, Alain.
Autor Corporativo: Teoría de fractales y sus aplicaciones
Otros Autores: Reca de N.E.W, (Traductor, tr.)
Formato: Libro
Idioma:Spanish
Publicado: Buenos Aires, Argentina : Consejo Nacional de Investigaciones de Ciencíficas y Técnicas (CONICET), [1987?]
Materias:
Etiquetas: Agregar Etiqueta
Sin Etiquetas, Sea el primero en etiquetar este registro!
LEADER 00827nam a22001935a 4500
001 EIQ.libpla002769
008 070821s1987####ag#a#####b####000#0#spa#d
005 20070821193722.0
245 1 0 |a Curso de teoría de fractales y sus aplicaciones :  |b (apuntes) /  |c Alain Le Mehaute ; traducción de N.E.W. de Reca. 
260 |a Buenos Aires, Argentina :  |b Consejo Nacional de Investigaciones de Ciencíficas y Técnicas (CONICET),  |c [1987?] 
300 |a 102 h. :  |b il. ;  |c 28 cm. 
504 |a Incluye referencias bibliográficas. 
100 1 |a Le Mehaute, Alain. 
700 1 |a Reca de N.E.W,  |e tr.  |4 trl 
711 2 |a Teoría de fractales y sus aplicaciones  |d (1987 :  |c Buenos Aires, Argentina) 
650 4 |a Química  |x Fractales. 
650 4 |a Chemical  |x Fractals. 
040 |a AR-BbSID  |b spa  |c AR-BbSID 
859 |a AR-BbSID  |b BIB. PLAPIQUI  |h 516.9  |i L 46  |p 3368